Новые данные о комплексообразовании нитросоединений; Доклады седьмой научной конференции (Томского ун-та), посвященной 40-летию Великой Октябрьской социалистической революции; Вып. 2

Détails bibliographiques
Parent link:Доклады седьмой научной конференции (Томского ун-та), посвященной 40-летию Великой Октябрьской социалистической революции
Вып. 2.— 1957.— С. 172-172
Auteur principal: Тронов Б. В.
Autres auteurs: Бортовой И. М.
Langue:russe
Publié: 1957
Sujets:
Format: Chapitre de livre
KOHA link:https://koha.lib.tpu.ru/cgi-bin/koha/opac-detail.pl?biblionumber=591537

MARC

LEADER 00000naa0a2200000 4500
001 591537
005 20250826115329.0
035 |a (RuTPU)RU\TPU\tpu\1880 
035 |a TPU00001880 
090 |a 591537 
100 |a 20011210d1957 k||y0rusy50 ca 
101 0 |a rus 
102 |a RU 
200 1 |a Новые данные о комплексообразовании нитросоединений  |f Б. В. Тронов, И. М. Бортовой 
461 1 |t Доклады седьмой научной конференции (Томского ун-та), посвященной 40-летию Великой Октябрьской социалистической революции 
463 1 |t Вып. 2  |v С. 172-172  |d 1957 
610 1 |a химические науки 
610 1 |a труды учёных ТПУ 
700 1 |a Тронов  |b Б. В. 
701 1 |a Бортовой  |b И. М. 
801 0 |a RU  |b 63413507  |c 20011210  |g PSBO 
801 2 |a RU  |b 63413507  |c 20060309  |g PSBO 
942 |c BK